| 000 | 00417nam a22001577a 4500 | ||
|---|---|---|---|
| 999 |
_c258354 _d258353 |
||
| 003 | OSt | ||
| 005 | 20200610121630.0 | ||
| 008 | 200610b xxu||||| |||| 00| 0 eng d | ||
| 040 | _cn/a | ||
| 050 |
_aRT51 _b.C643 2003 |
||
| 100 | _aPeterson, Veronica. | ||
| 245 | _aClinical companion for Fundamentals of nursing | ||
| 260 |
_aSt. Louis, Mo. _b: Mosby/Elsevier, _cc2009. |
||
| 300 | _axv;380p. | ||
| 942 |
_2lcc _cBK |
||